000
00285nam a2200121Ia 4500
008
231221s9999 xx 000 0 und d
041
_a
English
082
_a
001.6404 WOD 'R'
100
_a
Wodtke, Shirley
245
0
_a
Learn the MFC C++ classes
650
_a
MFC C++
942
_c
FP
999
_c
207350
_d
207350